000 00617nam a22001937a 4500
999 _c166746
_d166746
005 20190807123943.0
010 _aUR-10352
020 _c200.00
_a-
035 _aU-8907
037 _bDBAD/PUB
082 _a841
100 _aعظيم ا مر و ہو ی
245 _aر سو ليا ت
_cعظيم ا مر و ہو ی
246 _bRasooliat (Urdu)
_aby Azeem Amrohivi
260 _aN.Delhi
_bAlimi Mersia Center,
_c2013 ء
270 _aMoosa Appartment,16,A,Zakir Nagar,Jamia Nagar,
_bN.Delhi
_e110025
_k09213104134
_l-
300 _a208 ص
_c22 Cm(Hb)
942 _2ddc
_cUR
_h841
_mع ظ ی